[Event "4NCL/Div2/PER-WES"]
[Site "Rd9-Birmingham"]
[Date "2000.04.29"]
[Round "9.7"]
[White "Pleasants, Allan"]
[Black "Gilbert, Jessie"]
[Result "1-0"]
[WhiteElo "2072"]
[BlackElo "2050"]
[PlyCount "81"]
[EventDate "2000.04.29"]

1. e4 c6 2. d4 d5 3. Nc3 dxe4 4. f3 exf3 5. Nxf3 Nf6 6. Bc4 Bf5 7. O-O e6 8.
Bg5 Be7 9. Qd2 O-O 10. Rae1 Nbd7 11. Kh1 Nb6 12. Bb3 Nbd5 13. Nh4 Bg4 14. h3
Bh5 15. Nf3 Qc7 16. Qf2 Bd6 17. Ne5 Nd7 18. Qh4 Bg6 19. Nxg6 hxg6 20. Ne4 Bb4
21. c3 Ba5 22. Be7 N7f6 23. Bxf6 Nxf6 24. Ng5 Rfe8 25. Rxf6 gxf6 26. Ne4 f5 27.
Ng5 f6 {(=)} 28. Nxe6 Rxe6 29. Rxe6 Kg7 30. Qxf6+ Kh7 31. Re7+ Qxe7 32. Qxe7+
Kh6 33. Bf7 Kg7 34. Be8+ Kh6 35. Qf7 Rxe8 36. Qxe8 Kg5 37. g3 Kf6 38. Kg2 Kg5
39. Qf8 Bb6 40. h4+ Kg4 41. Qf6 1-0

[Event "4NCL/Div2/WIT-BCCA"]
[Site "Rd9-Birmingham"]
[Date "2000.04.29"]
[Round "9.1"]
[White "Devereaux, Max"]
[Black "Carleton, John"]
[Result "1-0"]
[WhiteElo "2239"]
[BlackElo "2267"]
[PlyCount "77"]
[EventDate "2000.04.29"]

1. e4 Nf6 2. e5 Nd5 3. d4 d6 4. c4 Nb6 5. exd6 cxd6 6. Nc3 g6 7. Be3 Bg7 8. Rc1
O-O 9. b3 Na6 10. Be2 Nc7 11. h3 f5 12. d5 e5 13. dxe6 Nxe6 14. Nf3 f4 15. Bxb6
axb6 16. Ne4 Nc5 17. Neg5 Qe7 18. Qd5+ Kh8 19. b4 Rxa2 20. O-O Rf5 21. Qd1 Rxe2
22. bxc5 bxc5 23. Qd3 h6 24. Rfe1 Rxe1+ 25. Rxe1 Be5 26. Ne4 b6 27. Qb1 Qd8 28.
Rd1 Qc7 29. Nxe5 Rxe5 30. Nxd6 Re6 31. Qa1+ Kg8 32. Nb5 Qe7 33. Qa8 Re1+ 34.
Rxe1 Qxe1+ 35. Kh2 Qe6 36. Na7 Qxc4 37. Nxc8 Kg7 38. Qb7+ Kf6 39. Qe7+ 1-0

[Event "4NCL/Div2/WIT-BCCA"]
[Site "Rd9-Birmingham"]
[Date "2000.04.29"]
[Round "9.2"]
[White "Toothill, John"]
[Black "Haydon, Richard"]
[Result "1/2-1/2"]
[WhiteElo "2226"]
[BlackElo "2176"]
[PlyCount "57"]
[EventDate "2000.04.29"]

1. e4 c5 2. Nf3 Nc6 3. Bb5 g6 4. O-O Bg7 5. Bxc6 dxc6 6. h3 e5 7. d3 Qe7 8. b4
cxb4 9. a3 b3 10. a4 Nf6 11. Ba3 c5 12. cxb3 b6 13. a5 Ba6 14. b4 O-O 15. bxc5
bxc5 16. Qc2 Rfd8 17. Rd1 Rac8 18. Nc3 Qc7 19. Rab1 c4 20. dxc4 Rxd1+ 21. Nxd1
Qxa5 22. Bb4 Qc7 23. Ne3 Bxc4 24. Rc1 Qb7 25. Qa4 Be2 26. Rxc8+ Qxc8 27. Nxe5
Nxe4 28. Nc6 Qa8 29. Qxa7 1/2-1/2

[Event "4NCL/Div2/WIT-BCCA"]
[Site "Rd9-Birmingham"]
[Date "2000.04.29"]
[Round "9.3"]
[White "Rose, Matthew"]
[Black "Stephenson, F Norman"]
[Result "0-1"]
[WhiteElo "2153"]
[BlackElo "2221"]
[PlyCount "96"]
[EventDate "2000.04.29"]

1. e4 c5 2. Nf3 e6 3. c3 d5 4. exd5 exd5 5. d4 Nc6 6. Be3 cxd4 7. Bxd4 Nxd4 8.
Qxd4 Nf6 9. Bb5+ Bd7 10. Bxd7+ Qxd7 11. O-O Be7 12. Ne5 Qb5 13. b4 O-O 14. a4
Qe2 15. Nd2 Bd6 16. Nef3 Rfe8 17. Rfe1 Qa6 18. b5 Rxe1+ 19. Rxe1 Qb6 20. Qxb6
axb6 21. Ra1 Rc8 22. a5 bxa5 23. Rxa5 Rxc3 24. Ra8+ Bf8 25. Rb8 Rc1+ 26. Nf1
Rc7 27. Ne3 g6 28. Kf1 Kg7 29. Nd4 Bc5 30. Nb3 Ba7 31. Ra8 Bxe3 32. fxe3 Rc3
33. Na5 Ra3 34. b6 Nd7 35. Rd8 Nc5 36. Nxb7 Nxb7 37. Rxd5 Rb3 38. Kf2 Rxb6 39.
Kf3 Rf6+ 40. Ke2 Nd6 41. Rd4 Re6 42. g4 Ne4 43. h4 h5 44. gxh5 Ng3+ 45. Kf2
Nxh5 46. Kf3 Kf6 47. Rd7 Ra6 48. Rb7 Ra4 0-1

[Event "4NCL/Div2/WIT-BCCA"]
[Site "Rd9-Birmingham"]
[Date "2000.04.29"]
[Round "9.4"]
[White "Wise, David"]
[Black "Dickinson, Tim"]
[Result "1-0"]
[WhiteElo "2145"]
[BlackElo "2176"]
[PlyCount "59"]
[EventDate "2000.04.29"]

1. d4 e6 2. c4 Nf6 3. Nc3 Bb4 4. e3 c5 5. Nge2 cxd4 6. exd4 d5 7. c5 Ne4 8. Bd2
Nxd2 9. Qxd2 O-O 10. a3 Bxc3 11. Nxc3 a5 12. Be2 Bd7 13. O-O a4 14. f4 b6 15.
f5 f6 16. fxe6 Bxe6 17. Rad1 Nd7 18. c6 Nb8 19. Bb5 Qd6 20. Bxa4 Nxc6 21. Bc2
Bf7 22. Nb5 Qb8 23. Bd3 Ne7 24. Rc1 Rc8 25. Rce1 Re8 26. g3 Nc8 27. Rc1 Re7 28.
Qc2 h6 29. Nc7 Ra7 30. Na6 1-0

[Event "4NCL/Div2/WIT-BCCA"]
[Site "Rd9-Birmingham"]
[Date "2000.04.29"]
[Round "9.5"]
[White "Elliott, Sean"]
[Black "Spence, David"]
[Result "0-1"]
[WhiteElo "2000"]
[BlackElo "2160"]
[PlyCount "102"]
[EventDate "2000.04.29"]

1. e4 e6 2. d4 d5 3. Nc3 Bb4 4. e5 c5 5. a3 Ba5 6. b4 cxd4 7. Qg4 Ne7 8. Nb5
Bc7 9. Qxg7 Rg8 10. Qxh7 a6 11. Nxc7+ Qxc7 12. Ne2 Qxe5 13. f4 Qf6 14. Bb2 Nbc6
15. Qd3 Nf5 16. O-O-O Qh6 17. Re1 Bd7 18. Kb1 Rc8 19. Nxd4 Nfxd4 20. Bxd4 Qxf4
21. Bb2 Ne7 22. g3 Qf2 23. Be2 Ba4 24. Bd1 Bb5 25. Qd4 Qxd4 26. Bxd4 Nc6 27.
Bb2 a5 28. c3 Bd3+ 29. Ka1 axb4 30. cxb4 Nxb4 31. h4 Nc2+ 32. Bxc2 Rxc2 33.
Rhg1 Rg4 34. Rc1 Rxc1+ 35. Bxc1 Bg6 36. Bg5 Kd7 37. Bf6 Kd6 38. Re1 Be4 39. Rg1
e5 40. Kb2 Ke6 41. Bg5 f6 42. Be3 d4 43. Bf2 Bc6 44. Kc2 Kd5 45. h5 Ke6 46. Be1
Rg5 47. h6 Rh5 48. Bd2 e4 49. Bf4 Ba4+ 50. Kd2 Rh2+ 51. Ke1 Kf5 0-1

[Event "4NCL/Div2/WIT-BCCA"]
[Site "Rd9-Birmingham"]
[Date "2000.04.29"]
[Round "9.6"]
[White "Gough, Michael"]
[Black "Jones, Nicholas"]
[Result "1-0"]
[WhiteElo "2135"]
[BlackElo "1968"]
[PlyCount "55"]
[EventDate "2000.04.29"]

1. d4 d5 2. Nf3 Nf6 3. c4 e6 4. Nc3 c6 5. Bg5 h6 6. Bh4 g5 7. Bg3 dxc4 8. e4 b5
9. Be2 Bb7 10. h4 g4 11. Ne5 h5 12. Bf4 Nbd7 13. Qc2 Nxe5 14. Bxe5 Rg8 15. Rd1
Rg6 16. O-O Nd7 17. Bg3 Be7 18. d5 Bxh4 19. dxe6 Rxe6 20. Rxd7 Kxd7 21. Rd1+
Ke8 22. Rxd8+ Bxd8 23. e5 h4 24. Bf4 Rg6 25. Ne4 Be7 26. Nd6+ Bxd6 27. exd6 h3
28. Qf5 1-0

[Event "4NCL/Div2/WIT-BCCA"]
[Site "Rd9-Birmingham"]
[Date "2000.04.29"]
[Round "9.7"]
[White "Wingfield, N."]
[Black "Savory, Richard"]
[Result "0-1"]
[WhiteElo "1888"]
[BlackElo "2100"]
[PlyCount "128"]
[EventDate "2000.04.29"]

1. d4 d5 2. Nf3 Nf6 3. Bg5 Ne4 4. Bf4 Bf5 5. Nbd2 e6 6. e3 c5 7. Bxb8 Qxb8 8.
Bb5+ Kd8 9. Ne5 Qc7 10. Bd3 Bd6 11. Bxe4 dxe4 12. Ndc4 Ke7 13. c3 Rad8 14. g4
cxd4 15. exd4 Bg6 16. Qe2 f6 17. Nxg6+ hxg6 18. Nxd6 Rxd6 19. Qxe4 Rb6 20.
O-O-O Rxh2 21. Rxh2 Qxh2 22. Qe3 g5 23. Re1 Qf4 24. Qxf4 gxf4 25. b3 Ra6 26.
Kb2 Rd6 27. Re4 g5 28. c4 Rd8 29. Kc3 Rh8 30. Re2 Rh4 31. f3 Rh3 32. Rf2 Rh1
33. c5 Rc1+ 34. Kd3 e5 35. dxe5 fxe5 36. b4 Ke6 37. Kd2 Ra1 38. Kc3 Re1 39. Rd2
e4 40. fxe4 Rxe4 41. b5 Ke7 42. Rf2 Kd7 43. a3 a6 44. bxa6 bxa6 45. Rd2+ Kc7
46. Rd5 f3 47. Kd3 Rxg4 48. Ke3 Rf4 49. Kf2 g4 50. Rg5 Rc4 51. Rf5 Kc6 52. Kg3
Kb5 53. Rf8 Ka4 54. Rf6 a5 55. c6 Kxa3 56. c7 a4 57. Rf7 Kb2 58. Rf4 Rxc7 59.
Rxa4 Rf7 60. Re4 Kc3 61. Re1 Kd3 62. Kf2 Rf4 63. Rd1+ Kc2 64. Kg3 Kxd1 0-1

[Event "4NCL/Div2/WIT-BCCA"]
[Site "Rd9-Birmingham"]
[Date "2000.04.29"]
[Round "9.8"]
[White "Khoo, Teresa"]
[Black "Smith, Lucy"]
[Result "1/2-1/2"]
[WhiteElo "1456"]
[BlackElo "1680"]
[PlyCount "48"]
[EventDate "2000.04.29"]

1. e4 c5 2. Nf3 d6 3. d4 cxd4 4. Nxd4 Nf6 5. Nc3 a6 6. Be2 e6 7. O-O Be7 8. Be3
O-O 9. Kh1 Nc6 10. f4 Qc7 11. Nb3 b5 12. a3 Rd8 13. Qe1 Rb8 14. Bf3 Bb7 15. Qf2
Ba8 16. Rfd1 a5 17. a4 b4 18. Nb5 Qb7 19. e5 Nd5 20. Bxd5 exd5 21. exd6 Bxd6
22. Nxd6 Rxd6 23. Nd4 f6 24. Re1 Rd7 1/2-1/2

[Event "4NCL/Div2/SL2-BAR2"]
[Site "Rd9-Birmingham"]
[Date "2000.04.29"]
[Round "9.1"]
[White "Houska, Jovanka"]
[Black "Plueg, Andreas"]
[Result "1-0"]
[WhiteElo "2282"]
[BlackElo "2347"]
[PlyCount "85"]
[EventDate "2000.04.29"]

1. e4 c6 2. d4 d6 3. Nc3 g6 4. Be3 Bg7 5. Nf3 Nd7 6. Be2 Qc7 7. a4 Ngf6 8. h3
O-O 9. O-O a6 10. Qd2 c5 11. d5 Rb8 12. a5 b5 13. axb6 Rxb6 14. b3 Rb4 15. Bd3
Re8 16. Bh6 Bh8 17. Rad1 Bb7 18. Rfe1 Rc8 19. Na4 Nb6 20. Nxb6 Rxb6 21. Qe2 Bg7
22. Bd2 Nd7 23. Ba5 Rb8 24. Nd2 Qc8 25. Bxb6 Nxb6 26. Nc4 Nxc4 27. Bxc4 Ra8 28.
f4 Bd4+ 29. Kh1 a5 30. Qd3 Qc7 31. c3 Bg7 32. Qg3 Ba6 33. Bxa6 Rxa6 34. e5 c4
35. bxc4 Qxc4 36. exd6 Rxd6 37. Rxe7 Rxd5 38. Re8+ Bf8 39. Rxd5 Qxd5 40. Qe3
Qb5 41. Kh2 Qf5 42. Ra8 Qd5 43. Qe8 1-0

[Event "4NCL/Div2/SL2-BAR2"]
[Site "Rd9-Birmingham"]
[Date "2000.04.29"]
[Round "9.2"]
[White "Duncan, Chris"]
[Black "Buckley, Graeme"]
[Result "1/2-1/2"]
[WhiteElo "2302"]
[BlackElo "2355"]
[PlyCount "129"]
[EventDate "2000.04.29"]

1. c4 b6 2. Nf3 Bb7 3. Nc3 e6 4. g3 f5 5. Bg2 Nf6 6. O-O Be7 7. d3 Qc8 8. Re1
Nc6 9. e4 fxe4 10. dxe4 e5 11. Nd5 Bd8 12. Bh3 Be7 13. b3 Qd8 14. Bb2 Bd6 15.
Nh4 {(=)} O-O 16. Kg2 Bc5 17. f3 Bd4 18. Qd2 Bxb2 19. Qxb2 Nd4 20. Nf5 c5 21.
Rad1 d6 22. b4 Rb8 23. a3 Kh8 24. Nxd4 cxd4 25. Qb3 Bc6 26. Rc1 Be8 27. Rf1 Rb7
28. Rf2 Bg6 29. Qd3 h6 30. Be6 Bh7 31. Rcf1 g5 32. Nxf6 Qxf6 33. Bd5 Rc7 34.
Qe2 Qg7 35. Qd2 Bg6 36. Kh1 Qd7 37. f4 gxf4 38. gxf4 Qh3 39. fxe5 Rxf2 40. Qxf2
Rg7 41. exd6 d3 42. e5 d2 43. Qf4 Bf7 44. e6 {(=)} Bxe6 45. Qf8+ Bg8 46. d7
d1=Q 47. Rxd1 Qxd7 48. Rg1 Rxg1+ 49. Kxg1 Qg4+ 50. Kf2 Qd4+ 51. Ke2 Qb2+ 52.
Kd1 Qb1+ 53. Kd2 Qb2+ 54. Ke1 Qc3+ 55. Ke2 Qc2+ 56. Kf1 Qd1+ 57. Kf2 Qd4+ 58.
Ke2 Qb2+ 59. Kd1 Qb1+ 60. Kd2 Qb2+ 61. Kd3 Qb1+ 62. Ke2 Qc2+ 63. Kf3 Qd1+ 64.
Kg2 Qg4+ 65. Kf2 1/2-1/2

[Event "4NCL/Div2/SL2-BAR2"]
[Site "Rd9-Birmingham"]
[Date "2000.04.29"]
[Round "9.3"]
[White "Richmond, Robert"]
[Black "Lewis, Andrew P"]
[Result "1/2-1/2"]
[WhiteElo "2238"]
[BlackElo "2266"]
[PlyCount "70"]
[EventDate "2000.04.29"]

1. d4 Nf6 2. c4 g6 3. Nc3 Bg7 4. e4 d6 5. f3 O-O 6. Bg5 c5 7. d5 e6 8. Nge2 h6
9. Bh4 exd5 10. cxd5 a6 11. a4 Nbd7 12. Nc1 Qa5 13. Qd2 Re8 14. Be2 b5 15. O-O
c4 16. axb5 Qxa1 17. N1a2 Qxf1+ 18. Bxf1 axb5 19. Nb4 Rb8 20. Nc6 Rb7 21. Nd4
b4 22. Ncb5 c3 23. bxc3 bxc3 24. Qxc3 Rb6 25. Qc7 Ba6 26. Bxf6 Bxf6 27. Qxd7
Ra8 28. Nc6 Bxb5 29. Bxb5 Kg7 30. Bf1 Ra1 31. Kf2 Rb2+ 32. Ke3 Rxf1 33. Qxd6
Re1+ 34. Kd3 Rd1+ 35. Ke3 Re1+ 1/2-1/2

[Event "4NCL/Div2/SL2-BAR2"]
[Site "Rd9-Birmingham"]
[Date "2000.04.29"]
[Round "9.4"]
[White "Kenworthy, Gary"]
[Black "Armstrong, Malcolm"]
[Result "1-0"]
[WhiteElo "2279"]
[BlackElo "2146"]
[PlyCount "79"]
[EventDate "2000.04.29"]

1. e4 c6 2. Nc3 d5 3. Nf3 Bg4 4. d4 e6 5. Be2 Nf6 6. h3 Bxf3 7. Bxf3 dxe4 8.
Nxe4 Nxe4 9. Bxe4 Nd7 10. c3 Nf6 11. Bf3 Qc7 12. Qb3 Be7 13. O-O O-O 14. g3
Rfd8 15. Bg2 Rd7 16. Re1 c5 17. Bf4 Qb6 18. Be5 Qxb3 19. axb3 Nd5 20. dxc5 Bxc5
21. Ra5 Bb6 22. Ra4 f6 23. Bd4 Bxd4 24. Rxd4 Kf7 25. c4 Nb6 26. Rxd7+ Nxd7 27.
Ra1 a6 28. Bxb7 Rb8 29. Bc6 Nc5 30. Ra5 Nxb3 31. Rxa6 Nd4 32. Ra7+ Kg6 33. Bb7
Nb3 34. Be4+ f5 35. Rb7 Rxb7 36. Bxb7 Kf6 37. Bf3 Ke5 38. Bd1 Na5 39. c5 Kd5
40. b4 {(.) Time.} 1-0

[Event "4NCL/Div2/SL2-BAR2"]
[Site "Rd9-Birmingham"]
[Date "2000.04.29"]
[Round "9.5"]
[White "Tucker, Alex"]
[Black "Mack, Andrew"]
[Result "1/2-1/2"]
[WhiteElo "2192"]
[BlackElo "2280"]
[PlyCount "32"]
[EventDate "2000.04.29"]

1. e4 e6 2. d4 d5 3. Nc3 Bb4 4. exd5 exd5 5. Bd3 Nc6 6. a3 Bxc3+ 7. bxc3 Nge7
8. Qh5 g6 9. Qf3 Bf5 10. Rb1 b6 11. Ne2 Qd7 12. Ng3 Bxd3 13. cxd3 O-O-O 14. O-O
h5 15. Re1 h4 16. Nf1 Nf5 1/2-1/2

[Event "4NCL/Div2/SL2-BAR2"]
[Site "Rd9-Birmingham"]
[Date "2000.04.29"]
[Round "9.6"]
[White "Sands, David"]
[Black "Ghasi, Ameet"]
[Result "1/2-1/2"]
[WhiteElo "2258"]
[BlackElo "2032"]
[PlyCount "149"]
[EventDate "2000.04.29"]

1. d4 Nf6 2. c4 g6 3. Nc3 Bg7 4. e4 d6 5. h3 O-O 6. Bg5 c6 7. Nf3 h6 8. Be3 e5
9. d5 c5 10. Qd2 Kh7 11. g4 b5 12. cxb5 a6 13. bxa6 Nbd7 14. Qc2 Qa5 15. Nd2
Bxa6 16. Nc4 Qc7 17. f3 Rfb8 18. b3 Rb4 19. Bd3 Nb6 20. Nxb6 Rxb6 21. Bxa6
Rbxa6 22. O-O Qb7 23. Rfc1 Ne8 24. Qe2 Bf6 25. Rc2 Rb6 26. Rd1 Nc7 27. Kg2 Bg7
28. Rdd2 Kg8 29. Qf2 Qc8 30. Qf1 Qd7 31. Qd3 Na6 32. Na4 Rb7 33. Rc1 Bf8 34.
Rf2 Nb4 35. Qe2 Na6 36. Qd1 Nc7 37. Nc3 Rb4 38. Qd3 Bg7 39. Rfc2 Bf8 40. Kg1
Rb7 41. Rb2 Rb4 42. Ne2 Rb7 43. Nc3 Rb4 44. Ne2 Rb7 45. Nc3 Rb4 46. Rbc2 Kh7
47. Kg2 Kg8 48. Ne2 Rb7 49. Qd2 Rab8 50. Bxh6 Be7 51. Bg5 Bf8 52. h4 Ne8 53.
Ng3 f6 54. Be3 Kh7 55. h5 g5 56. Nf5 Be7 57. Rb2 Ng7 58. Nxg7 Kxg7 59. Qd3 Bd8
60. Bd2 Kh6 61. Rcb1 Bb6 62. b4 cxb4 63. Rxb4 Bc5 64. Rxb7 Rxb7 65. Rb3 Ra7 66.
a3 Qa4 67. Bb4 Rc7 68. Rc3 Rb7 69. Bxc5 dxc5 70. d6 Rb2+ 71. Kg3 c4 72. d7 Qa7
73. Qe3 Qxd7 74. Qc5 Qd2 75. Qf8+ 1/2-1/2

[Event "4NCL/Div2/SL2-BAR2"]
[Site "Rd9-Birmingham"]
[Date "2000.04.29"]
[Round "9.7"]
[White "De Coverly, Roger"]
[Black "Moore, John"]
[Result "0-1"]
[WhiteElo "2096"]
[BlackElo "2148"]
[PlyCount "128"]
[EventDate "2000.04.29"]

1. e4 e5 2. Nf3 Nc6 3. Bb5 a6 4. Ba4 Nf6 5. O-O Be7 6. Re1 b5 7. Bb3 O-O 8. d4
d6 9. c3 Bg4 10. Be3 exd4 11. cxd4 Na5 12. Bc2 Nc4 13. Bc1 c5 14. b3 Nb6 15. d5
a5 16. h3 Bh5 17. Bd3 c4 18. bxc4 bxc4 19. Bc2 Nfd7 20. Nc3 Bf6 21. Bb2 a4 22.
Rb1 a3 23. Ba1 Ra6 24. g4 Bg6 25. Nd4 Be5 26. Kg2 Qg5 27. Nf3 Qf6 28. Nxe5 dxe5
29. Nb5 Rc8 30. Bc3 Rc5 31. Re3 Qd8 32. Be1 Qa8 33. d6 Nd5 34. exd5 Bxc2 35.
Qxc2 Qxd5+ 36. Kh2 Rxb5 37. Rxb5 Qxb5 38. Qf5 Rxd6 39. Rxa3 g6 40. Qg5 f6 41.
Ra8+ Kg7 42. Qe3 Qc5 43. Qxc5 Nxc5 44. Bb4 Rc6 45. Ra7+ Kg8 46. Bd2 g5 47. Kg2
Ne4 48. Bc1 c3 49. Kf3 Nc5 50. Ke2 e4 51. Kd1 Nd3 52. Kc2 Nxf2 53. a4 Nd3 54.
Ba3 Nf4 55. Re7 Ne6 56. Re8+ Kg7 57. Re7+ Kg6 58. Rd7 e3 59. Rd1 Nf4 60. Bc1 e2
61. Re1 Re6 62. Bxf4 gxf4 63. Kxc3 f3 64. Kd2 Kf7 0-1

[Event "4NCL/Div2/SL2-BAR2"]
[Site "Rd9-Birmingham"]
[Date "2000.04.29"]
[Round "9.8"]
[White "Lang, Heather"]
[Black "Mashayekh, Majid"]
[Result "1/2-1/2"]
[WhiteElo "2066"]
[BlackElo "2006"]
[PlyCount "59"]
[EventDate "2000.04.29"]

1. e4 c5 2. Nc3 Nc6 3. g3 g6 4. Bg2 Bg7 5. d3 d6 6. Be3 e5 7. f4 Nd4 8. Nd5 Ne7
9. Nxe7 Qxe7 10. c3 exf4 11. gxf4 Nf5 12. Bf2 O-O 13. Nf3 Nh6 14. O-O Bg4 15.
h3 Bd7 16. Qd2 f6 17. Rae1 Bc6 18. Be3 Nf7 19. h4 Rfe8 20. h5 gxh5 21. Nh4 Bd7
22. Bf3 Kh8 23. Bxh5 Rg8 24. Qh2 Bh6+ 25. Kf2 Rg7 26. Rg1 Rag8 27. Rxg7 Rxg7
28. Rg1 Rxg1 29. Kxg1 Ne5 30. Qe2 {(=)} 1/2-1/2

[Event "4NCL/Div2/TWR-3Cs"]
[Site "Rd9-Birmingham"]
[Date "2000.04.29"]
[Round "9.1"]
[White "Waters, Clive"]
[Black "Adams, Phil"]
[Result "1-0"]
[WhiteElo "2158"]
[BlackElo "2072"]
[PlyCount "79"]
[EventDate "2000.04.29"]

1. d4 g6 2. Nf3 Bg7 3. g3 Nf6 4. Bg2 O-O 5. O-O d6 6. c4 Nbd7 7. d5 a5 8. Nc3
Nc5 9. Nd4 e5 10. dxe6 fxe6 11. Ndb5 Qe7 12. Bg5 h6 13. Be3 Na6 14. a3 Ng4 15.
Bd4 e5 16. Nd5 Qd8 17. Nbxc7 Nxc7 18. Bb6 Rf7 19. c5 Ra6 20. Rc1 Rxb6 21. cxb6
Ne6 22. e3 Nf6 23. Qc2 Bd7 24. Qxg6 Nxd5 25. Bxd5 Rf6 26. Qc2 Qxb6 27. Qc7 Qxc7
28. Rxc7 Bc6 29. Rc8+ Kf7 30. Bxc6 bxc6 31. Rxc6 Nc5 32. b4 axb4 33. axb4 Nd3
34. b5 Ke6 35. Rc7 Rf7 36. Rxf7 Kxf7 37. b6 Nc5 38. Rc1 Nd7 39. b7 Ke6 40. Rc7
1-0

[Event "4NCL/Div2/TWR-3Cs"]
[Site "Rd9-Birmingham"]
[Date "2000.04.29"]
[Round "9.2"]
[White "Longson, Alex"]
[Black "White, Mark"]
[Result "1-0"]
[WhiteElo "2148"]
[BlackElo "2144"]
[PlyCount "97"]
[EventDate "2000.04.29"]

1. e4 c5 2. Nf3 Nc6 3. d4 cxd4 4. Nxd4 Nf6 5. Nc3 e5 6. Ndb5 d6 7. Bg5 a6 8.
Na3 b5 9. Bxf6 gxf6 10. Nd5 f5 11. c3 fxe4 12. Nc2 Bg7 13. Nce3 O-O 14. g4 Ne7
15. Bg2 Nxd5 16. Qxd5 Rb8 17. Bxe4 Bb7 18. Qd3 Bxe4 19. Qxe4 a5 20. O-O Qg5 21.
Kh1 Rfd8 22. Rad1 Kh8 23. Rd5 Qf4 24. f3 Qxe4 25. fxe4 f6 26. Rfd1 Bf8 27. Kg2
Kg8 28. Kf3 Kf7 29. Ke2 Ke6 30. Kd3 Rd7 31. Kc2 Rg7 32. a4 Rgb7 33. axb5 Rxb5
34. Rxb5 Rxb5 35. Rd5 Rb7 36. Rxa5 Bh6 37. Nf5 Bf8 38. Ra8 Kf7 39. b4 Rc7 40.
Kb3 Rb7 41. Ra6 Rd7 42. c4 Kg6 43. Ra8 Rf7 44. h4 h5 45. gxh5+ Kxh5 46. b5 d5
47. cxd5 Bc5 48. Rh8+ Kg6 49. Rh6# 1-0

[Event "4NCL/Div2/TWR-3Cs"]
[Site "Rd9-Birmingham"]
[Date "2000.04.29"]
[Round "9.3"]
[White "Wooldridge, Leon"]
[Black "Taylor, Robert"]
[Result "1/2-1/2"]
[WhiteElo "2185"]
[BlackElo "2116"]
[PlyCount "60"]
[EventDate "2000.04.29"]

1. e4 c6 2. d4 Na6 3. Nf3 d6 4. Nc3 Nc7 5. Bg5 g6 6. Qd2 Bg7 7. O-O-O b5 8. e5
d5 9. Bd3 Bg4 10. h3 Bxf3 11. gxf3 h6 12. Be3 e6 13. h4 h5 14. Bg5 Ne7 15. Ne2
Qd7 16. Kb1 Nf5 17. Bxf5 exf5 18. Nf4 Ne6 19. Nxe6 Qxe6 20. Qb4 Kd7 21. c4 a5
22. cxd5 axb4 23. dxe6+ fxe6 24. Rhg1 Ke8 25. Bd2 b3 26. a3 Kf7 27. Rc1 Rac8
28. Bb4 Rhd8 29. Bc5 Rd5 30. Rc3 Ra8 1/2-1/2

[Event "4NCL/Div2/TWR-3Cs"]
[Site "Rd9-Birmingham"]
[Date "2000.04.29"]
[Round "9.4"]
[White "Walton, Alan"]
[Black "Jobe, Mopati"]
[Result "0-1"]
[WhiteElo "1928"]
[BlackElo "2180"]
[PlyCount "82"]
[EventDate "2000.04.29"]

1. d4 d5 2. Bg5 h6 3. Bh4 c6 4. Nc3 Bf5 5. e3 Qb6 6. Rb1 Nd7 7. Bd3 Bxd3 8.
Qxd3 e5 9. Nge2 e4 10. Qd2 Ngf6 11. O-O Be7 12. f3 exf3 13. gxf3 O-O 14. Kh1
Rfe8 15. Rg1 Kh8 16. Rg2 Nf8 17. Bf2 Qc7 18. Rbg1 Ng6 19. f4 Bf8 20. Qd3 Qd7
21. a3 Rac8 22. Qd2 Ne7 23. Nc1 Ne4 24. Nxe4 dxe4 25. c4 c5 26. d5 b5 27. Qc3
Nf5 28. Bh4 b4 29. Qe1 bxa3 30. bxa3 Rb8 31. Qc3 Rb6 32. Be1 f6 33. Ra2 Qa4 34.
Rgg2 Qd1 35. Rge2 Rb1 36. Qa5 Qxc1 37. Qxa7 Nxe3 38. h3 Qxc4 39. Qf7 Reb8 40.
Rad2 Nf1 41. Rc2 Qd3 0-1

[Event "4NCL/Div2/TWR-3Cs"]
[Site "Rd9-Birmingham"]
[Date "2000.04.29"]
[Round "9.5"]
[White "Mogasha, Chilipi"]
[Black "Bentley, John"]
[Result "1/2-1/2"]
[WhiteElo "1928"]
[BlackElo "2180"]
[PlyCount "90"]
[EventDate "2000.04.29"]

1. e4 c5 2. Nf3 Nc6 3. d4 cxd4 4. Nxd4 g6 5. Be3 Bg7 6. Be2 Nf6 7. Nc3 O-O 8.
O-O d5 9. exd5 Nxd5 10. Nxd5 Qxd5 11. Bf3 Qa5 12. c3 Nxd4 13. cxd4 Rd8 14. Qd3
Be6 15. a3 Bd5 16. Bxd5 Qxd5 17. Rfd1 e5 18. Rd2 Rac8 19. Rad1 exd4 20. b3 Qa5
21. Bf4 Re8 22. Qf3 Qf5 23. Qg3 h5 24. h4 Rc6 25. Qg5 Qxg5 26. Bxg5 Rec8 27.
Bf4 Rb6 28. Re1 Re6 29. Kf1 Rxe1+ 30. Kxe1 Kf8 31. Kd1 Ke7 32. Re2+ Kd7 33. Kd2
Rc5 34. Kd3 Bf6 35. g3 Rf5 36. Bb8 b6 37. Bxa7 Kc7 38. Re8 Rxf2 39. Rf8 Bg7 40.
Rg8 Bh6 41. Bb8+ Kb7 42. Be5 Rd2+ 43. Kc4 d3 44. Rd8 Rc2+ 45. Bc3 d2 {
(looks more like -+ to me, AFB)} 1/2-1/2

[Event "4NCL/Div2/TWR-3Cs"]
[Site "Rd9-Birmingham"]
[Date "2000.04.29"]
[Round "9.6"]
[White "Lewis, Andrew"]
[Black "Jones, Rupert"]
[Result "1-0"]
[WhiteElo "1976"]
[BlackElo "1776"]
[PlyCount "47"]
[EventDate "2000.04.29"]

1. e4 d5 2. exd5 Nf6 3. Bb5+ Bd7 4. Be2 Nxd5 5. d4 g6 6. Nf3 Bg7 7. O-O O-O 8.
c4 Nf6 9. Nc3 c6 10. Be3 Na6 11. Qd2 Nc7 12. Bh6 b5 13. Ne5 Rb8 14. Bxg7 Kxg7
15. Bf3 Rb6 16. c5 Ra6 17. a4 b4 18. Na2 Rxa4 19. Nxb4 Rxa1 20. Rxa1 Nb5 21.
Nbxc6 Bxc6 22. Nxc6 Qc7 23. Qb4 Ng4 24. g3 1-0

[Event "4NCL/Div2/TWR-3Cs"]
[Site "Rd9-Birmingham"]
[Date "2000.04.29"]
[Round "9.7"]
[White "Barnes, Lara"]
[Black "Ashton, Adam"]
[Result "0-1"]
[WhiteElo "1640"]
[BlackElo "1184"]
[PlyCount "78"]
[EventDate "2000.04.29"]

1. e3 g6 2. f4 Bg7 3. Nf3 d6 4. Nc3 c5 5. Bb5+ Bd7 6. Bxd7+ Qxd7 7. d3 Nc6 8.
Bd2 Rb8 9. O-O b5 10. Rb1 b4 11. Ne2 e6 12. Qe1 Nge7 13. e4 f5 14. Kh1 O-O 15.
Qh4 a5 16. Be3 a4 17. e5 Nd5 18. Bd2 dxe5 19. fxe5 Nxe5 20. Bh6 Ng4 21. Bxg7
Qxg7 22. Qg3 Nde3 23. Rfc1 e5 24. Ng5 Qh6 25. Nh3 f4 26. Qf3 g5 27. c3 Nf6 28.
Nf2 g4 29. Qc6 g3 30. Nh3 Neg4 31. Qe6+ Kh8 32. hxg3 Rbe8 33. Qc6 Nf2+ 34. Kg1
Nxh3+ 35. gxh3 fxg3 36. Kg2 Qe3 37. Nxg3 Nh5 38. Nxh5 Rg8+ 39. Kh1 Qxh3# 0-1

[Event "4NCL/Div2/SCS-GUI2"]
[Site "Rd9-Birmingham"]
[Date "2000.04.29"]
[Round "9.1"]
[White "Greet, Andrew"]
[Black "Thompson, Ian"]
[Result "1-0"]
[WhiteElo "2238"]
[BlackElo "2249"]
[PlyCount "67"]
[EventDate "2000.04.29"]

1. e4 e6 2. d3 d5 3. Nd2 Nf6 4. Ngf3 b6 5. g3 dxe4 6. dxe4 Bc5 7. Bb5+ c6 8.
Bd3 e5 9. Nc4 O-O 10. Ncxe5 Bh3 11. Qe2 Nfd7 12. Nxd7 Nxd7 13. Ng5 Be6 14. Nxe6
fxe6 15. f4 b5 16. e5 Qb6 17. Bd2 Rf7 18. O-O-O a5 19. Qe4 g6 20. h4 Bf2 21.
Qg2 Nc5 22. Be2 Na4 23. h5 gxh5 24. Rxh5 Rd8 25. Bd3 Rxd3 26. cxd3 Qd4 27. Bc3
Nxc3 28. Qxc6 Be3+ 29. Rd2 Bxd2+ 30. Kxd2 Nb1+ 31. Kc2 Qa4+ 32. Kc1 Qxa2 33.
Qe8+ Rf8 34. Rg5+ 1-0

[Event "4NCL/Div2/SCS-GUI2"]
[Site "Rd9-Birmingham"]
[Date "2000.04.29"]
[Round "9.2"]
[White "Anderton, Matthew"]
[Black "Bigg, Andrew"]
[Result "1/2-1/2"]
[WhiteElo "2216"]
[BlackElo "2163"]
[PlyCount "58"]
[EventDate "2000.04.29"]

1. e4 e6 2. d4 d5 3. Nc3 Bb4 4. e5 Ne7 5. a3 Bxc3+ 6. bxc3 c5 7. h4 Nbc6 8. h5
h6 9. Qg4 Nf5 10. Bd3 O-O 11. Nf3 f6 12. Bf4 cxd4 13. cxd4 fxe5 14. Bxe5 Qa5+
15. Kf1 Nxe5 16. dxe5 Bd7 17. Qb4 Qxb4 18. axb4 a6 19. Ke2 Rac8 20. Rhc1 Be8
21. g4 Ne7 22. Ke3 d4+ 23. Nxd4 Nd5+ 24. Ke2 Rf4 25. Nxe6 Rxg4 26. c4 Nxb4 27.
Bf5 Bxh5 28. f3 Rgxc4 29. Rg1 g6 1/2-1/2

[Event "4NCL/Div2/SCS-GUI2"]
[Site "Rd9-Birmingham"]
[Date "2000.04.29"]
[Round "9.3"]
[White "Clark, Stephen"]
[Black "Sharp, Peter"]
[Result "1/2-1/2"]
[WhiteElo "2132"]
[BlackElo "2114"]
[PlyCount "54"]
[EventDate "2000.04.29"]

1. d4 d5 2. Nf3 Nf6 3. Bf4 g6 4. e3 Bg7 5. h3 O-O 6. Nbd2 Nbd7 7. Bd3 c6 8. O-O
Qb6 9. Rb1 Re8 10. Bh2 Nf8 11. Re1 Bf5 12. e4 dxe4 13. Nxe4 Nxe4 14. Bxe4 Be6
15. b3 Rad8 16. c3 c5 17. dxc5 Qxc5 18. Qc2 b5 19. Rbc1 Nd7 20. Bf4 Nb6 21. Be3
Qc7 22. Bd4 Bd7 23. Bxg7 Kxg7 24. Nd2 Qf4 25. Bd3 Bc6 26. Rcd1 e5 27. c4 bxc4
1/2-1/2